[Event "Geneve Bois Gentil op"]
[Site "Geneve"]
[Date "2022.01.14"]
[Round "1"]
[White "Fluckiger, Benoit"]
[Black "Bruscoli, Francesco"]
[Result "1/2-1/2"]
[WhiteElo "1393"]
[BlackElo "1929"]
[PlyCount "93"]
[EventDate "2022.01.14"]
[EventType "swiss"]
[EventRounds "7"]
[EventCountry "SUI"]
[SourceTitle "EXT 2023"]
[Source "ChessBase"]
[SourceDate "2022.10.05"]
[SourceVersion "1"]
[SourceVersionDate "2022.10.05"]
[SourceQuality "1"]

1. e4 c6 2. d4 d5 3. Nd2 dxe4 4. Nxe4 Bf5 5. Ng3 Bg6 6. h4 h5 7. Nf3 Nd7 8. Bd3 Bxd3 9. Qxd3 Ngf6 10. Bf4 e6 11. 0-0-0 Nd5 12. Bd2 N7f6 13. Ne4 Nxe4 14. Qxe4 Nf6 15. Qe2 Be7 16. Bg5 Ng4 17. Bxe7 Qxe7 18. Ne5 Nxe5 19. dxe5 Rd8 20. g3 Rd5 21. Rxd5 cxd5 22. Qb5+ Qd7 23. Qxd7+ Kxd7 24. Rd1 Rc8 25. Rd3 Rc7 26. b3 b5 27. Kd2 b4 28. c4 Rc5 29. cxd5 exd5 30. f4 Ke6 31. Rd4 a5 32. a3 bxa3 33. Ra4 Kf5 34. Rxa3 Kg4 35. b4 axb4 36. Ra7 Kxg3 37. Rxf7 b3 38. e6 b2 39. Rxg7+ Kxf4 40. Rb7 Ke5 41. e7 Rc8 42. Rxb2 Ke6 43. Rb5 Re8 44. Rb6+ Kf5 45. Rb5 Kg4 46. Rxd5 Kxh4 47. Rd4+ 1/2-1/2